000 00407nam a2200145Ia 4500
008 090124s9999 xx 000 0 und d
082 _b400742
245 _a सात राजपुत्र
250 _a1
260 _bमहाजन जगन्नाथ
_c1977
300 _a32
630 _a सात राजपुत्र
730 _a सात राजपुत्र
942 _cBOOK
999 _c196663
_d196663